000
00258nam a22001097a 4500
040
_c
SY
082
_a
633
100
_a
អ៊ុក កូម៉ារ៉ា
245
_a
ដំណាំមេកាកាវ
260
_a
RUA
_b
អ៊ុក
_c
1996
942
_c
KB
999
_c
9149
_d
9149